| 000 | 01123nas a2200385 4500 | ||
|---|---|---|---|
| 001 | BR2014005701 | ||
| 003 | BR-BrBNA | ||
| 005 | 20231205124519.0 | ||
| 007 | ta | ||
| 008 | 230509b bl.|||p| |||| 00| 00por d | ||
| 040 |
_aBR-BrBNA _bpor _cBiblioteca Nacional de Agricultura |
||
| 041 | _a(PT) | ||
| 072 | _aL50; L20 | ||
| 100 | 1 | _aGontijo, L. de A. | |
| 100 | 1 | _aCassou, F. | |
| 100 | 1 | _aMichelotto Junior, P.V. | |
| 100 | 1 | _aAlves, G.E.S. | |
| 100 | 1 | _aBringel, B. | |
| 100 | 1 | _aRibeiro, R.M. | |
| 100 | 1 | _aLago, L.A. do | |
| 100 | 1 | _aFaleiros, R.R. | |
| 245 | 1 | _aBem-estar em equinos de policiamento em Curitiba-PR: indicadores clínicos, etológicos e ritmo circadiano do cortisol | |
| 650 | _aEQUINO | ||
| 650 | _aBEM-ESTAR | ||
| 650 | _aBIOQUÍMICA ANIMAL | ||
| 650 | _aSTRESS | ||
| 650 | _aCORTICÓIDE | ||
| 650 | _aCORAÇÃO | ||
| 650 | _aCOMPORTAMENTO ANIMAL | ||
| 650 | _aESTÁBULO | ||
| 650 | _aPARANÁ | ||
| 773 | 0 |
_tCiência Rural (Brazil) _xISSN 0103-8478 _g(Jul 2014), v. 44(7) p. 1272-1276 _wBR2014005701 |
|
| 909 |
_a202311 _bLúcia _c55 _dLúcia Elande |
||
| 942 |
_2AGRIS _n0 _cANA |
||
| 999 |
_c239466 _d239466 |
||